| 000 | 01014nam a2200229Ia 4500 | ||
|---|---|---|---|
| 999 |
_c54852 _d54852 |
||
| 001 | 21921 | ||
| 003 | GE_BSU | ||
| 005 | 20220809132812.0 | ||
| 008 | 181216s ||||ge |||||||||||||| ||geo|| | ||
| 040 | _cGE_BSU | ||
| 041 | _ageo | ||
| 080 | _a811.353.1'36 შ-21 | ||
| 100 |
_aშანიძე, აკაკი _914517 |
||
| 245 |
_aქართული ენის გრამატიკის საფუძვლები ტ.1 : _bმორფოლოგია / _cაკაკი შანიძე. |
||
| 264 |
_aთბილისი : _bთბილისის სახელმწიფო უნივერსიტეტის გამომცემლობა, _c1953. |
||
| 300 |
_a654 გვ. ; _c21 სმ. |
||
| 500 | _aსაძიებელი გვ. : 651-654 | ||
| 541 | _h4 ლ. 20თ. | ||
| 653 | _aქართული ენა | ||
| 653 | _aქართული ენის გრამატიკის საფუძვლები ტ.1 | ||
| 942 |
_cBK _2udc |
||